[Event "Bamberg op 6th"]
[White "Zhao, Zong Yuan"]
[Black "Hagemeister, Philipp"]
[Site "Bamberg"]
[Round "7"]
[Result "1-0"]
[Date "2024.09.08"]
[WhiteElo "2478"]
[BlackElo "2105"]
[PlyCount "65"]
[EventDate "2024.09.04"]
[EventType "swiss"]
[EventRounds "7"]
[EventCountry "GER"]
[SourceTitle "EXT 2025"]
[Source "ChessBase"]
[SourceDate "2024.10.14"]
[SourceVersion "1"]
[SourceVersionDate "2024.10.14"]
[SourceQuality "1"]

1. e4 c5 2. Nf3 e6 3. d4 cxd4 4. Nxd4 Nf6 5. Nc3 Nc6 6. Nxc6 bxc6 7. e5 Nd5 8. Ne4 Bb7 9. Be2 c5 10. 0-0 Qc7 11. Nd6+ Bxd6 12. exd6 Qc6 13. f3 c4 14. Qd4 0-0 15. Bxc4 Qxd6 16. b3 Rfc8 17. Rf2 Qc5 18. Qxc5 Rxc5 19. Ba3 Rcc8 20. Rd2 a5 21. Kf2 Nb6 22. Be2 d5 23. Bb2 Ba6 24. Bd1 f6 25. f4 Kf7 26. Bf3 Rab8 27. Bd4 Rc7 28. Re1 g6 29. g4 f5 30. gxf5 gxf5 31. Rg1 Nd7 32. Rg7+ Ke8 33. Be5 1-0

[Event "Bamberg op 6th"]
[White "Hagemeister, Philipp"]
[Black "Kauth, Lukas Michael"]
[Site "Bamberg"]
[Round "4"]
[Result "1/2-1/2"]
[Date "2024.09.06"]
[WhiteElo "2105"]
[BlackElo "1988"]
[PlyCount "100"]
[EventDate "2024.09.04"]
[EventType "swiss"]
[EventRounds "7"]
[EventCountry "GER"]
[SourceTitle "EXT 2025"]
[Source "ChessBase"]
[SourceDate "2024.10.14"]
[SourceVersion "1"]
[SourceVersionDate "2024.10.14"]
[SourceQuality "1"]

1. Nf3 d5 2. g3 Nf6 3. Bg2 e6 4. 0-0 Be7 5. c4 0-0 6. b3 c5 7. Bb2 d4 8. e3 Nc6 9. exd4 cxd4 10. Re1 Re8 11. d3 Bc5 12. Ne5 Nxe5 13. Rxe5 Qd6 14. Re1 e5 15. Nd2 Bg4 16. Ne4 Bxd1 17. Nxd6 Bxd6 18. Raxd1 Rab8 19. Bc1 a5 20. Bd2 b6 21. Bg5 Kf8 22. Bh3 h6 23. Bxf6 gxf6 24. Kg2 Ke7 25. a4 Rg8 26. Re4 Rg5 27. f4 Rg7 28. Rf1 Rd8 29. Rf3 Rdg8 30. Kf2 h5 31. fxe5 fxe5 32. Rh4 Rg5 33. Rf5 Rxf5+ 34. Bxf5 Rg5 35. Be4 Kf6 36. h3 Kg7 37. g4 Be7 38. Kf3 f5 39. Bb7 fxg4+ 40. hxg4 hxg4+ 41. Rxg4 Rxg4 42. Kxg4 Kf6 43. Kf3 Ke6 44. Ke4 Bg5 45. Ba6 Kd6 46. Bb5 Bf4 47. Be8 Kc5 48. Bd7 Kb4 49. Be8 Kxb3 50. Bd7 Kb4 1/2-1/2

[Event "Bamberg op 6th"]
[White "Hagemeister, Philipp"]
[Black "Koenig, Oliver"]
[Site "Bamberg"]
[Round "3"]
[Result "1-0"]
[Date "2024.09.05"]
[WhiteElo "2105"]
[BlackElo "1965"]
[PlyCount "33"]
[EventDate "2024.09.04"]
[EventType "swiss"]
[EventRounds "7"]
[EventCountry "GER"]
[SourceTitle "EXT 2025"]
[Source "ChessBase"]
[SourceDate "2024.10.14"]
[SourceVersion "1"]
[SourceVersionDate "2024.10.14"]
[SourceQuality "1"]

1. Nf3 Nf6 2. g3 g6 3. b3 Bg7 4. Bb2 0-0 5. Bg2 d6 6. d4 c5 7. 0-0 cxd4 8. Nxd4 d5 9. Nd2 Re8 10. e3 Nc6 11. c4 Nxd4 12. Bxd4 Bg4 13. Bf3 Bh3 14. Re1 e5 15. Bb2 e4 16. Be2 Qd7 17. cxd5 1-0

[Event "Bad Pyrmont Pape op 3rd"]
[White "Hagemeister, Philipp"]
[Black "Kutz, Ida Klara"]
[Site "Bad Pyrmont"]
[Round "7"]
[Result "1-0"]
[Date "2024.07.28"]
[WhiteElo "2081"]
[BlackElo "1700"]
[PlyCount "115"]
[EventDate "2024.07.25"]
[EventType "swiss"]
[EventRounds "7"]
[EventCountry "GER"]
[SourceTitle "CBM 221 Extra"]
[Source "ChessBase"]
[SourceDate "2024.09.30"]
[SourceVersion "1"]
[SourceVersionDate "2024.09.30"]
[SourceQuality "1"]

1. e4 c6 2. Nf3 d5 3. d3 dxe4 4. dxe4 Qxd1+ 5. Kxd1 g6 6. Bd3 Bg7 7. c3 Nd7 8. Be3 Ngf6 9. h3 Nb6 10. a4 Be6 11. Nbd2 Rd8 12. Kc2 Nfd7 13. Ng5 Ne5 14. Nxe6 fxe6 15. Be2 0-0 16. a5 Nc8 17. Nc4 Nd6 18. Nxe5 Bxe5 19. f3 Bf4 20. Bxa7 Nc8 21. Bd4 e5 22. Bc4+ Kg7 23. Bc5 Rd2+ 24. Kb3 Rxg2 25. Rad1 Bg5 26. h4 Bf6 27. Rh3 b6 28. axb6 Nxb6 29. Bf1 Rxb2+ 30. Kxb2 Na4+ 31. Kc2 Nxc5 32. Bc4 Kh6 33. Ra1 Rd8 34. Ra5 Nb7 35. Ra7 Nc5 36. Rc7 Rd6 37. Rh2 Kh5 38. Rd2 Rxd2+ 39. Kxd2 Kxh4 40. Rxc6 Nb7 41. Rb6 Nd6 42. Be6 Kg3 43. Ke2 h5 44. c4 h4 45. c5 h3 46. Bxh3 Kxh3 47. cxd6 exd6 48. Rxd6 Bh4 49. Rxg6 Bg3 50. Kf1 Kh4 51. Rg8 Bf4 52. Ke2 Kh3 53. Kd3 Bc1 54. Kc4 Bb2 55. Kd5 Kh4 56. Ke6 Kh5 57. Kf5 Kh4 58. f4 1-0

[Event "Bad Pyrmont Pape op 3rd"]
[White "Lenhardt, Manfred"]
[Black "Hagemeister, Philipp"]
[Site "Bad Pyrmont"]
[Round "6"]
[Result "1/2-1/2"]
[Date "2024.07.28"]
[WhiteElo "2023"]
[BlackElo "2081"]
[PlyCount "37"]
[EventDate "2024.07.25"]
[EventType "swiss"]
[EventRounds "7"]
[EventCountry "GER"]
[SourceTitle "CBM 221 Extra"]
[Source "ChessBase"]
[SourceDate "2024.09.30"]
[SourceVersion "1"]
[SourceVersionDate "2024.09.30"]
[SourceQuality "1"]

1. d4 d5 2. Nf3 Nf6 3. c4 c6 4. Nc3 e6 5. Qc2 Nbd7 6. e3 Bd6 7. Bd3 0-0 8. Bd2 dxc4 9. Bxc4 e5 10. 0-0-0 Qe7 11. h3 e4 12. Ng5 Nb6 13. Bb3 Bf5 14. f3 Rae8 15. Ngxe4 Nxe4 16. fxe4 Bxe4 17. Nxe4 Qxe4 18. Qxe4 Rxe4 19. Rhf1 1/2-1/2